000 01128nam a22002657a 4500
001 BD-DhSAU 9278
003 BD-DhSAU
005 20221215112627.0
008 150613b2018 bg a|||| m||| 00| 0 eng d
040 _aBD-DhSAU
082 _222
_a63439
_bZ74
100 _aZOHURA, FATEMA TUJ
_eRegistration No. # 14-05970
245 _aGrowth and yield performance of eggplant under drought and waterlogging condition /
_bMS thesis
260 _aSher-e-Bangla Agricultural University :
_bDepartment of Agroforestry and Environmental Science,
_c2021
300 _axv, 97p. :
_bill. ;
_c30 cm.
500 _aMS thesis of Department of Agroforestry and Environmental Science, Faculty of Agriculture, Sher-e-Bangla Agricultural University, Dhaka, Bangladesh
504 _aIncludes bibliographical reference.
590 _aNazmul
650 _aeggplant
650 _adrought and waterlogging condition
700 _aProf. Dr. Nazmun Naher
_eSuperviser
700 _aAssit. Prof. Tania sultana
_eCo-superviser
856 _uhttp://archive.saulibrary.edu.bd:8080/xmlui/handle/123456789/4664
942 _2ddc
_cTHESIS
999 _c16390
_d16389